Základní charakteristika světové politiky na začátku 90. let.

Charakteristika prebiehajúcej premeny svetového hospodárstva - analýza na začiatku 90-tych rokov. Koniec povojnovej etapy a formovanie novej etapy svetového hospodárstva. Rozbor súčasnej recesie svetového hospodárstva.

Gespeichert in:
Bibliographische Detailangaben
1. Verfasser: Holub, Alois
Format: Buchkapitel
Sprache:Tschechisch
Schlagworte:
Tags: Tag hinzufügen
Keine Tags, Fügen Sie das erste Tag hinzu!

MARC

LEADER 00000naa a2200000 4500
001 r015949
005 20221205090753.1
041 0 |a cze 
044 |a CZ 
245 1 0 |a Základní charakteristika světové politiky na začátku 90. let.  |c Alois Holub 
520 |a Charakteristika prebiehajúcej premeny svetového hospodárstva - analýza na začiatku 90-tych rokov. Koniec povojnovej etapy a formovanie novej etapy svetového hospodárstva. Rozbor súčasnej recesie svetového hospodárstva. 
610 2 0 |a hospodárstvo svetové 
610 2 0 |a 1990-1993 
610 2 0 |a sústava hospodárska svetová 
610 2 0 |a krajiny socialistické 
610 2 0 |a krajiny kapitalistické 
610 2 0 |a krajiny rozvojové 
610 2 0 |a hospodárstvo socialistické 
610 2 0 |a hospodárstvo trhové 
610 2 0 |a recesia 
100 1 |a Holub, Alois